Public expenditure analysis
Saved in:
| Other Authors: | |
|---|---|
| Format: | Book |
| Language: | English |
| Published: |
Washington, D.C.
<The> World Bank
2005
|
| Series: | Public sector, governance, and accountability series
|
| Subjects: | |
| Tags: |
No Tags, Be the first to tag this record!
|
MARC
| LEADER | 00000nam$a2200000$$$4500 | ||
|---|---|---|---|
| 001 | 0040239 | ||
| 005 | 20240104134406.9 | ||
| 020 | |a 0-8213-6144-9 | ||
| 041 | 0 | |a eng | |
| 044 | |a US | ||
| 245 | 1 | 0 | |a Public expenditure analysis |c Edited by Anwar Shah |
| 264 | 1 | |a Washington, D.C. |b <The> World Bank |c 2005 | |
| 300 | |a 256 s. | ||
| 490 | 1 | |a Public sector, governance, and accountability series | |
| 830 | 0 | |a Public sector, governance, and accountability series | |
| 610 | 2 | 0 | |a výdavky verejné |
| 610 | 2 | 0 | |a správa verejná |
| 610 | 2 | 0 | |a krajiny rozvojové |
| 610 | 2 | 0 | |a chudoba |
| 610 | 2 | 0 | |a chudoba |
| 610 | 2 | 0 | |a úroveň životná |
| 610 | 2 | 0 | |a služby verejné |
| 610 | 2 | 0 | |a politika fiškálna |
| 610 | 2 | 0 | |a zabezpečenie sociálne |
| 610 | 2 | 0 | |a dôchodky |
| 610 | 2 | 0 | |a rozpočty |
| 610 | 2 | 0 | |a sektor verejný |
| 610 | 2 | 0 | |a reformy |
| 610 | 2 | 0 | |a analýzy |
| 610 | 2 | 0 | |a modelovanie ekonometrické |
| 610 | 2 | 0 | |a Filipíny |
| 700 | 1 | |a Shah, Anwar | |